000 00416nam a2200181Ia 4500
005 20240823033509.0
008 240823s9999||||xx |||||||||||||| ||und||
041 _aENGLISH
082 _A824.8 P3
100 _aJayakanthan
245 0 _aChinthanaiyil Ayiram Katturaigal Part-2
250 _a1st
260 _c2003
_bAmara
500 _aYES
650 _aTamil Books
_bGeneral
942 _cBK
999 _c195957
_d195957